007220000a22002170004500090001300000100004100013700004400054245010200098044001300200041001400213650002300227650003200250650003200282650001800314650002300332650002200355651004300377942001300420773005400433999001700487 aSERIADAS1 aLagos López, Mayer Isnardo91007591 aMorales Puentes, María Eugenia92686910aBriófitos reófilos de Tres Quebradas del páramo de Mamapacha, Chinavita (Boyacá-Colombia) aColombia0 aEspañol14aBriófitas99618414aInventarios de flora99354314aMorfología vegetal91829514aMusgos99617314aHepáticas91390814aAntoceros9100760 4pBoyacálPáramo de Mamapacha992749 cARTICULO1 tActa Biológica Colombianah1q143-159d2008g13 c16405d16405